Normal view MARC view
  • Lizón Ramón, Ana

Entry Nombre Personal

Number of records used in: 1

001 - NUMERO DE CONTROL

  • campo de control: 43779

003 - IDENTIFICADOR DE NUMERO DE CONTROL

  • campo de control: UPN

005 - FECHA Y HORA DE LA ÜLTIMA TRANSACCIÓN

  • campo de control: 20220216121835.0

008 - DATOS DE LONGITUD FIJA

  • campo de control de longitud fija: 220216|| aca||abbn | a|a d

040 ## - FUENTE DE CATALOGACIÓN

  • Agencia original de catalogación: UPN

100 1# - ENCABEZAMIENTO - NOMBRE PERSONAL

  • Nombre personal: Lizón Ramón, Ana

670 ## - FUENTE EN LA QUE SE LOCALIZARON DATOS

  • Cita de la fuente: Consecuencias de la modernidad, 1993
  • Información localizada: port. (Ana Lizón Ramón)